000 00482 a2200193 4500
003 OSt
005 20180116182919.0
008 160519b xxu||||| |||| 00| 0 eng d
020 _a9695191304
040 _c0
082 _a297.1012 CHI 2007
100 _aChittick,William C.
245 _aIBN 'ARABI.
_cWilliam C.Chittick.
250 _a1st
260 _aLahore
_bSuhail Academy.
_c2007
300 _a152 p.
_bHB
500 _aHardcover
942 _aNBS
_cBK
_k297.1012 CHI
_2ddc
999 _c348379
_d348379